Logo Quiz Alphabet - Statistics

General Stats
  • This quiz has been taken 31 times
  • The average score is 20 of 26
Answer Stats
Picture Answer % Correct
Amazon
100%
Coca Cola
93%
Disney
93%
Bluetooth
89%
Facebook
89%
Google
89%
Honda
89%
Lego
89%
Monster
89%
Paypal
89%
Skype
85%
IBM
81%
Kelloggs
81%
Yahoo
81%
XBOX
78%
Omega
74%
Nintendo
70%
Unilever
70%
Virgin
70%
Rockstar
67%
Ebay
63%
Zelda
63%
Wikipedia
59%
Twitter
56%
Jeep
44%
Quicktime
37%
No matching quizzes found
Score Distribution
Percent of People with Each Score
Percentile by Number Answered
Your Score History
You have not taken this quiz